00814cam a22002651a 4500001001300000003000400013005001700017008004100034010001700075035002000092040004500112042001200157043001200169050002300181070002400204072000900228100003100237245006700268260009000335300003900425490001600464500001900480650003100499830001800530agr60000375 DLC20260227111020.0860219s1960 dcuab f000 0 eng c aagr60000375  a(OCoLC)13168754 aU.S. Dept. of Agr. Libr.cNhDdDNALdDLC apremarc au-at---00aS21b.S2383 no. 970 aA281.9bF76Fm no.970 aF1101 aDe Goede, Cornelis,d1921-14aThe dried prune industry of Australia /cby Cornelis De Goede. a[Washington, D.C.] :bForeign Agricultural Service, U.S. Dept. of Agriculture,c1960. aiv, 12 p. :bill., 1 map ;c26 cm.1 aFAS-M ;v97 aCaption title. 0aPrune industryzAustralia. 0aFAS M. ;v97.